| 000 | 00000nas##2200000za#4500 |
| 001 | 9.500726 |
| 003 | CaOODSP |
| 005 | 20200804090701 |
| 007 | cr ||||||||||| |
| 008 | 150406c1997||||xxc|| p o||||f| |0fre|d |
| 040 | |aCaOODSP|bfre |
| 041 | |aeng |
| 041 | |afre |
| 043 | |an-cn--- |
| 086 | 1 |aSA3-1-PDF |
| 110 | 2 |aArchives nationales du Canada. |
| 245 | 10|aL'archiviste |h[ressource électronique] |
| 260 | |aOttawa - Ontario : |bArchives nationales du Canada |
| 310 | |aIrrégulier |
| 362 | 1 |aNº 113 (1997) -Nº. 121 (2003) |
| 500 | |a«La revue des Archives nationales du Canada ». Publication disponible en PDF seulement à partir de l'édition Nº 118/1999? |
| 691 | 07|aArchives|2gcpds |
| 691 | 07|aHistoire du Canada|2gcpds |
| 776 | 0#|tThe archivist |w(CaOODSP)9.508682 |
| 791 | |tThe archivist |eeng|w(CaOODSP)9.500725 |